| 000 | 00555nam a2200169 4500 | ||
|---|---|---|---|
| 005 | 20250921062524.0 | ||
| 999 |
_c17787 _d17787 |
||
| 008 | 221221b ||||| |||| 00| 0 eng d | ||
| 020 | _a9781984646651 | ||
| 082 |
_22021 _aDC 384.54 _bT413 |
||
| 245 |
_aFoundation course for broadcast technician / _c3G E-Learning. |
||
| 260 |
_aNew York : _b3G E-Learning, _c©2021. |
||
| 300 |
_axiv, 347 pages : _billustrations ; _c25 cm. |
||
| 500 | _aIncludes bibliographical references and index. | ||
| 650 |
_aBroadcasting. _947246 |
||
| 710 |
_a3G E-Learning. _933636 |
||
| 942 |
_2ddc _cDC |
||